000 00701nam a2200241Ia 4500
003 OSt
005 20220923214459.0
006 a|||||r|||| 00| 0
007 ta
008 220922b |||||||| |||| 00| 0 hin d
024 _a169,938
037 _cTextual
040 _aARTS
_cARTS
_bhin
041 _2hin
_ahin
082 _aO152,3M98,NN, J5;K5
100 _aमित्र, उषा देवी
245 0 _aनष्ट नीड़
246 _aNaṣhṭa nīड़
260 _c1965
650 _aहिन्दी साहित्य
_9156264
942 _hO152,3M98,NN, J5;K5
_cTEXL
_2CC
999 _c324302
_d324302